000
00324nam a2200145Ia 4500
008
230718s9999 xx 000 0 und d
041
_a
Eng.
082
_a
340
_b
WAD-J
100
_a
wads, Rymond
245
0
_a
Jurisprudence
260
_a
Pakistan
_b
Punjab law house
_c
1989
300
_a
280
650
_a
Law
999
_c
28005
_d
28005